Simulação - Campeões do Brasileirão até 2072 - Statistics

Estatísticas Gerais
  • Esse quiz foi jogado 107 vezes
  • A pontuação média é 43 de 48
Estatísticas das Respostas
Ano Campeão % Correto
2025 Flamengo
99%
2054 Flamengo
99%
2043 Palmeiras
99%
2049 Palmeiras
99%
2026 Santos
96%
2062 Santos
96%
2070 Santos
96%
2028 Vasco
96%
2037 Vasco
96%
2042 Vasco
96%
2065 Vasco
96%
2027 Fluminense
95%
2031 Fluminense
95%
2040 Fluminense
95%
2055 Fluminense
95%
2068 Fluminense
95%
2036 Botafogo
94%
2038 Botafogo
94%
2041 Botafogo
94%
2067 Botafogo
94%
2029 Corinthians
94%
2032 Corinthians
94%
2034 Corinthians
94%
2039 Corinthians
94%
2050 Corinthians
94%
2052 Corinthians
94%
2056 Corinthians
94%
2058 Corinthians
94%
2072 Cruzeiro
94%
2030 Gremio
94%
2033 Gremio
94%
2047 Gremio
94%
2069 Gremio
94%
2044 São Paulo
91%
2061 São Paulo
91%
2064 São Paulo
91%
2053 Atlético MG
90%
2060 Atlético MG
90%
2035 Internacional
90%
2045 Internacional
90%
2051 Internacional
90%
2066 Internacional
90%
2059 Fortaleza
71%
2046 Athletico
67%
2048 Athletico
67%
2063 Athletico
67%
2057 Atletico GO
22%
2071 Novorizontino
15%
Nenhum quiz correspondente encontrado
Distribuição das Pontuações
Porcentagem de Pessoas com Cada Pontuação
Percentil de Números Respondidos
Sua Pontuação Histórica
Você não jogou esse quiz